000
00267nam a22001217a 4500
082
_a
823
_b
DAS/R
100
_a
DAS, ASHA
245
_a
THE RABBIT AND THE SHARKS
260
_a
BOMBAY
_b
PAULINE
_c
01/03/2002
300
_a
24
650
_a
ENGLISH STORY
_z
INDIA
942
_c
BK
999
_c
7363
_d
7363